Notes on the natural history of the Strait of Magellan and West Patagonia made during the voyage of H.M.S. Nassau in the years 1866, 67, 68, & 69
Gardado en:
| Autor Principal: | |
|---|---|
| Formato: | Libro |
| Idioma: | inglés |
| Publicado: |
Edimburgo
Edmonston and Douglas
1871
|
| Edición: | 1a. ed |
| Subjects: | |
| Tags: |
Engadir etiqueta
Sen Etiquetas, Sexa o primeiro en etiquetar este rexistro!
|
MARC
| LEADER | 00000nam a2200000 a 4500 | ||
|---|---|---|---|
| 001 | UCJ5609 | ||
| 003 | CL-VaPUC | ||
| 008 | 070124e18710220uk |||||||||||||||||eng|d | ||
| 082 | 0 | 4 | |a 910.4 |b CUN |2 21 |
| 100 | 0 | |a Cunningham, Robert O |e author |9 511010 | |
| 245 | 1 | 0 | |a Notes on the natural history of the Strait of Magellan and West Patagonia made during the voyage of H.M.S. Nassau in the years 1866, 67, 68, & 69 |
| 250 | |a 1a. ed | ||
| 300 | |a xvi, 517 p | ||
| 942 | |c BK | ||
| 945 | |d 20070124 00:00:00 |a rinostro | ||
| 260 | |a Edimburgo |b Edmonston and Douglas |c 1871 | ||
| 500 | |a Mapa e ilustraciones conforme al índice | ||
| 650 | 0 | |a Viajes |9 257115 | |
| 650 | 0 | |a Expediciones científicas |9 265222 | |
| 650 | 0 | |a Geografía |9 259346 | |
| 650 | 0 | |a Oceanografía |9 260014 | |
| 650 | 7 | |a FLORA |2 CL-VaPUC |9 264745 | |
| 650 | 7 | |a FAUNA |2 CL-VaPUC |9 349523 | |
| 650 | 0 | |a Recursos naturales |9 255232 | |
| 650 | 0 | |a Aborígenes |9 329972 | |
| 650 | 0 | |a Antropología |9 233030 | |
| 650 | 0 | |a Fueguinos |9 417010 | |
| 650 | 0 | |a Cultura |9 269059 | |
| 650 | 0 | |a Terremotos |9 267728 | |
| 650 | 0 | |a Mapas |9 260844 | |
| 650 | 0 | |a Ilustraciones |9 369481 | |
| 651 | 0 | |a Estrecho de Magallanes |9 354479 | |
| 651 | 0 | |a Concepción |9 254982 | |
| 651 | 0 | |a Chiloé |9 265209 | |
| 651 | 7 | |a LOTA |2 CL-VaPUC |9 510986 | |
| 651 | 0 | |a Santiago |9 265444 | |
| 651 | 0 | |a Patagonia |9 269580 | |
| 651 | 7 | |a ISLAS FALKLAND |2 CL-VaPUC |9 504572 | |
| 651 | 0 | |a Brasil |9 267393 | |
| 651 | 0 | |a Uruguay |9 255194 | |
| 651 | 0 | |a Valparaíso, Chile |9 261144 | |
| 583 | |a last modification |c 20150504 05:52:08 |k Rodrigo Vera | ||
| 999 | |c 321718 |d 321716 | ||
| 952 | |0 0 |1 0 |4 0 |6 910_400000000000000_CUN_1871 |7 0 |8 X |9 400543 |a FDOBUD |b FDOBUD |d 2019-11-22 |i 1037048 |o 910.4 CUN 1871 |p 1037048 |r 2019-11-22 |w 2019-11-22 |y BK_X |k BUD | ||